Max Webers Sicht des okzidentalen Christentums: Interpretation und Kritik
| Corporate Author: | |
|---|---|
| Contributors: | |
| Format: | Print Book |
| Language: | German |
| Subito Delivery Service: | Order now. |
| Check availability: | HBZ Gateway |
| WorldCat: | WorldCat |
| Interlibrary Loan: | Interlibrary Loan for the Fachinformationsdienste (Specialized Information Services in Germany) |
| Published: |
Frankfurt am Main
Suhrkamp
2016
|
| In: | Year: 2016 |
| Edition: | 2. Auflage |
| Series/Journal: | Suhrkamp-Taschenbuch Wissenschaft
730 |
| Standardized Subjects / Keyword chains: | B
Weber, Max 1864-1920
/ Christianity
|
| Further subjects: | B
Collection of essays
B Church History Middle Ages, 600-1500 B Religious sociology B Christian Sociology History Middle Ages, 600-1500 B Weber,Max B sociology of religion B Weber, Max Religion |
MARC
| LEADER | 00000cam a2200000 c 4500 | ||
|---|---|---|---|
| 001 | 1821539044 | ||
| 003 | DE-627 | ||
| 005 | 20251226204450.0 | ||
| 007 | tu | ||
| 008 | 221110s2016 gw ||||| 00| ||ger c | ||
| 020 | |a 9783518283301 |9 978-3-518-28330-1 | ||
| 035 | |a (DE-627)1821539044 | ||
| 035 | |a (DE-599)KXP1821539044 | ||
| 035 | |a (OCoLC)1350596188 | ||
| 040 | |a DE-627 |b ger |c DE-627 |e rda | ||
| 041 | |a ger | ||
| 044 | |c XA-DE |c XA-DE-HE | ||
| 050 | 0 | |a BR252 | |
| 082 | 0 | |a 270 | |
| 084 | |a 12 |2 sdnb | ||
| 084 | |a 1 |a 0 |2 ssgn | ||
| 084 | |a MQ 3912 |2 rvk |0 (DE-625)rvk/123477:11634 | ||
| 084 | |a BE 3300 |2 rvk |0 (DE-625)rvk/10560: | ||
| 084 | |a MS 6550 |2 rvk |0 (DE-625)rvk/123761: | ||
| 084 | |a CI 4917 |2 rvk |0 (DE-625)rvk/18459:11616 | ||
| 084 | |a MR 4000 |2 rvk |0 (DE-625)rvk/123508: | ||
| 084 | |a BO 4205 |2 rvk |0 (DE-625)rvk/14423: | ||
| 084 | |a 11.05 |2 bkl | ||
| 245 | 0 | 0 | |a Max Webers Sicht des okzidentalen Christentums |b Interpretation und Kritik |c herausgegeben von Wolfgang Schluchter |
| 250 | |a 2. Auflage | ||
| 264 | 1 | |a Frankfurt am Main |b Suhrkamp |c 2016 | |
| 300 | |a 589 Seiten | ||
| 336 | |a Text |b txt |2 rdacontent | ||
| 337 | |a ohne Hilfsmittel zu benutzen |b n |2 rdamedia | ||
| 338 | |a Band |b nc |2 rdacarrier | ||
| 490 | 0 | |a Suhrkamp-Taschenbuch Wissenschaft |v 730 | |
| 500 | |a Literaturverzeichnis: Seite 581-584 | ||
| 600 | 1 | 0 | |a Weber, Max |x Religion |
| 601 | |a Interpretation | ||
| 650 | 0 | |a Church History |x Middle Ages, 600-1500 | |
| 650 | 0 | |a Christian Sociology |x History |x Middle Ages, 600-1500 | |
| 650 | 4 | |a Religionssoziologie | |
| 650 | 4 | |a Weber,Max | |
| 650 | 4 | |a sociology of religion | |
| 655 | 7 | |a Aufsatzsammlung |0 (DE-588)4143413-4 |0 (DE-627)105605727 |0 (DE-576)209726091 |2 gnd-content | |
| 689 | 0 | 0 | |d p |0 (DE-588)118629743 |0 (DE-627)060055715 |0 (DE-576)209155736 |2 gnd |a Weber, Max |d 1864-1920 |
| 689 | 0 | 1 | |d s |0 (DE-588)4010074-1 |0 (DE-627)104493933 |0 (DE-576)20888579X |2 gnd |a Christentum |
| 689 | 0 | |5 DE-101 | |
| 700 | 1 | |e HerausgeberIn |0 (DE-588)120230763 |0 (DE-627)080540031 |0 (DE-576)213119323 |4 edt |a Schluchter, Wolfgang |d 1938- | |
| 710 | 2 | |e Verlag |0 (DE-588)300755-8 |0 (DE-627)100688012 |0 (DE-576)191008214 |4 pbl |a Suhrkamp Verlag | |
| 936 | r | v | |a MQ 3912 |b Sekundärliteratur |k Soziologie |k Einführung und Geschichte |k Einzelne Autoren |k Autoren W |k Weber, Max |k Sekundärliteratur |0 (DE-627)1391322681 |0 (DE-625)rvk/123477:11634 |0 (DE-576)321322681 |
| 936 | r | v | |a BE 3300 |b Allgemeines |k Theologie und Religionswissenschaften |k Religionswissenschaft |k Systematische Religionswissenschaft |k Religionssoziologie |k Allgemeines |0 (DE-627)127069958X |0 (DE-625)rvk/10560: |0 (DE-576)20069958X |
| 936 | r | v | |a MS 6550 |b Allgemeine Darstellungen (Kirchen, religiöses Verhalten, Geistliche) |k Soziologie |k Spezielle Soziologien |k Religionssoziologie |k Allgemeine Darstellungen (Kirchen, religiöses Verhalten, Geistliche) |0 (DE-627)1271441454 |0 (DE-625)rvk/123761: |0 (DE-576)201441454 |
| 936 | r | v | |a CI 4917 |b Abhandlungen, Studien |k Philosophie |k Geschichte der Philosophie |k Geschichte der Philosophie des Abendlandes von Antike bis 20. Jahrhundert |k Philosophie des 20. Jahrhunderts |k Deutschland und deutschsprachige Länder |k Autoren |k Autoren W |k Weber, Max |k Abhandlungen, Studien |0 (DE-627)1270912496 |0 (DE-625)rvk/18459:11616 |0 (DE-576)200912496 |
| 936 | r | v | |a MR 4000 |b Klassiker der Soziologie (ältere soziologische Theorie) |k Soziologie |k Sozialwissenschaftliche Theorien und Methoden |k Klassiker der Soziologie (ältere soziologische Theorie) |0 (DE-627)1270821067 |0 (DE-625)rvk/123508: |0 (DE-576)200821067 |
| 936 | r | v | |a BO 4205 |b Sammelwerke und Teilsammlungen |k Theologie und Religionswissenschaften |k Patrologie und Kirchengeschichte |k Kirchengeschichte nach Perioden |k Geschichte der Kirche im Mittelalter |k Darstellungen |k Mittelalter insgesamt |k Sammelwerke und Teilsammlungen |0 (DE-627)1270747010 |0 (DE-625)rvk/14423: |0 (DE-576)200747010 |
| 936 | b | k | |a 11.05 |j Religionssoziologie |0 (DE-627)106404202 |
| 951 | |a BO | ||
| ACO | |a 1 | ||
| ELC | |b 1 | ||
| ORI | |a SA-MARC-ixtheo_oa001.raw | ||
| REL | |a 1 | ||
| STA | 0 | 0 | |a Christianity,Christian world view,World view,Christian ideology,Religious sociology,Sociology of religion,Religion,Religion and sociology |
| STB | 0 | 0 | |a Christianisme,Christianisme,Sociologie des religions,Sociologie religieuse |
| STC | 0 | 0 | |a Cristianismo,Cristianismo,Cristiandad,Cristiandad,Cristiandad (Motivo),Cristiandad,Sociología de la religión |
| STD | 0 | 0 | |a Cristianesimo,Cristianesimo,Sociologia della religione |
| STE | 0 | 0 | |a 基督教,基督教,基督教世界观,宗教社会学 |
| STF | 0 | 0 | |a 基督教,基督教,基督教世界觀,宗教社會學 |
| STG | 0 | 0 | |a Cristianismo,Cristianismo,Cristandade,Cristandade,Cristandade (Motivo),Cristandade,Sociologia da religião |
| STH | 0 | 0 | |a Социология религии,Христианство (мотив),Христианство |
| STI | 0 | 0 | |a Κοινωνιολογία της θρησκείας,Χριστιανισμός (μοτίβο),Χριστιανισμός |
| SUB | |a REL | ||
| SYA | 0 | 0 | |a Weber, Max,Weber, Max |
| SYE | 0 | 0 | |a Religion |
| SYG | 0 | 0 | |a Weber, Karl Emil Maximilian,1864-1920,Weber, Maximilian Carl Emil,1864-1920,Weibo,1864-1920,Fībir, Māks,1864-1920,Makesi, Weipei,1864-1920,Ma ke si Wei bo,1864-1920,Makesi-Weibo,1864-1920,Uēbā, Makkusu,1864-1920,Veber, Maks,1864-1920,Veber, M.,1864-1920,Vēbā, Makkusu,1864-1920,Wibir, Māks,1864-1920,Weibo, Makesi,1864-1920,Mag seu Be beo,1864-1920,Be beo, Mag seu,1864-1920 , Christianity,Christliche Mission,Missionierung,Christenheit,Christianitas,Christliche Religion,Christliche Weltanschauung |



